Textbook of Dynamics
Saved in:
| Hovedforfatter: | |
|---|---|
| Format: | Bog |
| Sprog: | engelsk |
| Udgivet: |
Toronto
D Van Nostrand
1963
|
| Fag: | |
| Tags: |
Tilføj Tag
Ingen Tags, Vær først til at tagge denne postø!
|
MARC
| LEADER | 00000nam a2200000 a 4500 | ||
|---|---|---|---|
| 001 | UCH2002 | ||
| 003 | CL-VaPUC | ||
| 008 | 090520e19630000CN |||||||||||||||||eng|d | ||
| 082 | 0 | 4 | |a 531.11 |b CHO |2 21 |
| 100 | 0 | |a Chorlton, Frank |e author |9 536639 | |
| 245 | 1 | 0 | |a Textbook of Dynamics |
| 300 | |a 263 p | ||
| 942 | |c BK | ||
| 945 | |d 20090520 00:00:00 |a dcastane | ||
| 260 | |a Toronto |b D Van Nostrand |c 1963 | ||
| 650 | 7 | |a FISICA DINAMICA |2 CL-VaPUC |9 486171 | |
| 650 | 7 | |a TEORIA CINETICA |2 CL-VaPUC |9 355304 | |
| 650 | 0 | |a Física matemática |9 260981 | |
| 583 | |a last modification |c 20090520 00:00:00 |k Rodrigo Vera | ||
| 999 | |c 333871 |d 333869 | ||
| 952 | |0 0 |1 0 |4 0 |6 531_110000000000000_CHO_1963 |7 0 |8 A |9 422515 |a BIBCUR |b BIBCUR |d 2019-11-22 |i 4534999 |o 531.11 CHO 1963 |p 4534999 |r 2025-04-22 |w 2019-11-22 |y BK |k FIS | ||